TCP/IP network administration : help for unix system administration (Record no. 293572)

MARC details
000 -LEADER
fixed length control field 00444nam a2200169Ia 4500
005 - DATE AND TIME OF LATEST TRANSACTION
control field 20240919140631.0
008 - FIXED-LENGTH DATA ELEMENTS--GENERAL INFORMATION
fixed length control field 240126s9999 xx 000 0 und d
020 ## - INTERNATIONAL STANDARD BOOK NUMBER
International Standard Book Number 9788173664670
082 ## - DEWEY DECIMAL CLASSIFICATION NUMBER
Classification number 001.6424WIN HUN;1 R
100 ## - MAIN ENTRY--PERSONAL NAME
Personal name Hunt, Craig.
245 #0 - TITLE STATEMENT
Title TCP/IP network administration : help for unix system administration
250 ## - EDITION STATEMENT
Edition statement 3rd ed.
260 ## - PUBLICATION, DISTRIBUTION, ETC. (IMPRINT)
Name of publisher, distributor, etc. O'Reilly
Place of publication, distribution, etc. Beijing
300 ## - PHYSICAL DESCRIPTION
Extent xvii, 725
440 ## - SERIES STATEMENT/ADDED ENTRY--TITLE
Title NULL
942 ## - ADDED ENTRY ELEMENTS (KOHA)
Koha item type PESU Books
Holdings
Date last seen Total Checkouts Full call number Accession number Volume/Issue Number Cost, replacement price Price effective from Category Lost status Source of classification or shelving scheme Damaged status Department Withdrawn status bill no. Permanent Location Current Location Shelving location Entry date Vendor Cost, normal purchase price Grants Currency symbol Conversion rate Discount Discount type Total Renewals Date checked out
26/01/2024   001.6424WIN HUN;1 R PU12319 (24/06/1905) 1248.00 26/01/2024 PESU Books   Dewey Decimal Classification   Central Library   IN7522 Central Library Central Library Central Library 18/04/2022 Sri Book World 1600.00 MCA RS 1 22 Percentage    
26/01/2024   001.6424WIN HUN;3 PU12321 (24/06/1905) 1248.00 26/01/2024 PESU Books   Dewey Decimal Classification   Central Library   IN7522 Central Library Central Library Central Library 18/04/2022 Sri Book World 1600.00 MCA RS 1 22 Percentage    
13/01/2025 1 001.6424WIN HUN;2 R1 PU12320 (24/06/1905) 1248.00 26/01/2024 PESU Books   Dewey Decimal Classification   Central Library   IN7522 Central Library RFID Kiosk Central Library 18/04/2022 Sri Book World 1600.00 MCA RS 1 22 Percentage 1 02/01/2025

© For any Suggestions or Query, please contact the library staff @ librarian@pes.edu or Phone: +9180 2672 1983/ 2108.